| 000 | 00517nam a2200181Ia 4500 | ||
|---|---|---|---|
| 008 | 100920s9999 xx 000 0 und d | ||
| 082 |
_b77808 _a4 थ 99 |
||
| 100 | _aRay Sibnarayan. | ||
| 245 | _aTHE SPIRIT OF THE RENAISSANCE. | ||
| 260 |
_bRENAISSANCE PUBLISHERS PVT. LTD. _c1999 |
||
| 300 |
_a184 _bसाधी |
||
| 365 | _b200 | ||
| 520 | _aई. एल.डी. | ||
| 630 | _aTHE SPIRIT OF THE RENAISSANCE. | ||
| 650 | _aई. एल.डी. | ||
| 730 | _aTHE SPIRIT OF THE RENAISSANCE. | ||
| 942 | _cBOOK | ||
| 999 |
_c719053 _d719050 |
||